LEADER 01189nam--2200373---450- 001 990003101400203316 005 20080429113014.0 010 $a88-140-2343-3 035 $a000310140 035 $aUSA01000310140 035 $a(ALEPH)000310140USA01 035 $a000310140 100 $a20080429d1990----km-y0itay50------ba 101 $aita 102 $aIT 105 $a||||||||001yy 200 1 $a<> Bundesrat della Germania federale$eil modello tedesco e la riforma del bicameralismo nello Stato a base regionale$fBarbara Pezzini 210 $aMilano$cA. Giuffrè$d1990 215 $aXVI, 304 p.$d24 cm 225 2 $aPubblicazioni della Facoltà di giurisprudenza$v4 410 0$12001$aPubblicazioni della Facoltà di giurisprudenza 454 1$12001 461 1$1001-------$12001 606 0 $aLivelli di governo$yGermania 676 $a342.43042 700 1$aPEZZINI,$bBarbara$0231263 801 0$aIT$bsalbc$gISBD 912 $a990003101400203316 951 $a342.43042 PEZ$b3106 DITESI (sez. 2 n. 885) 959 $aBK 969 $aDITESI 979 $aDITESI$b10$c20080429$lUSA01$h1130 996 $aBundesrat della Germania federale$963097 997 $aUNISA LEADER 02549nam 2200649Ia 450 001 9910783753503321 005 20200520144314.0 010 $a1-281-03556-4 010 $a0-08-048952-4 035 $a(CKB)1000000000246657 035 $a(EBL)254834 035 $a(OCoLC)437163444 035 $a(SSID)ssj0000738042 035 $a(PQKBManifestationID)11378496 035 $a(PQKBTitleCode)TC0000738042 035 $a(PQKBWorkID)10788302 035 $a(PQKB)10546805 035 $a(SSID)ssj0000219397 035 $a(PQKBManifestationID)11186921 035 $a(PQKBTitleCode)TC0000219397 035 $a(PQKBWorkID)10228623 035 $a(PQKB)10774358 035 $a(MiAaPQ)EBC254834 035 $a(Au-PeEL)EBL254834 035 $a(CaPaEBR)ebr10110285 035 $a(CaONFJC)MIL103556 035 $a(OCoLC)935230497 035 $a(EXLCZ)991000000000246657 100 $a20060112d2006 uy 0 101 0 $aeng 135 $aur|n|---||||| 181 $ctxt 182 $cc 183 $acr 200 00$aPenetration tester's open source toolkit$b[electronic resource] /$fJohnny Long ... [et al.] ; foreword by Max Moser 210 $aRockland, MA $cSyngress Pub.$d2006 215 $a1 online resource (736 p.) 300 $aIncludes index. 311 $a1-59749-021-0 330 $aPenetration testing a network requires a delicate balance of art and science. A penetration tester must be creative enough to think outside of the box to determine the best attack vector into his own network, and also be expert in using the literally hundreds of tools required to execute the plan. This book provides both the art and the science. The authors of the book are expert penetration testers who have developed many of the leading pen testing tools; such as the Metasploit framework. The authors allow the reader "inside their heads? to unravel the mysteries of thins like identify 606 $aComputer hackers 606 $aComputer networks$xSecurity measures 606 $aComputer security 606 $aElectronic information resources$xAccess control 615 0$aComputer hackers. 615 0$aComputer networks$xSecurity measures. 615 0$aComputer security. 615 0$aElectronic information resources$xAccess control. 676 $a005.8 701 $aLong$b Johnny$0627580 801 0$bMiAaPQ 801 1$bMiAaPQ 801 2$bMiAaPQ 906 $aBOOK 912 $a9910783753503321 996 $aPenetration tester's open source toolkit$91463983 997 $aUNINA LEADER 04574nam 2200709 450 001 9910809500803321 005 20230126213240.0 010 $a0-7735-9209-1 010 $a0-7735-9208-3 024 7 $a10.1515/9780773592087 035 $a(CKB)3710000000217753 035 $a(EBL)3332803 035 $a(SSID)ssj0001467448 035 $a(PQKBManifestationID)11793210 035 $a(PQKBTitleCode)TC0001467448 035 $a(PQKBWorkID)11514724 035 $a(PQKB)11229597 035 $a(Au-PeEL)EBL3332803 035 $a(CaPaEBR)ebr10907162 035 $a(OCoLC)923244567 035 $a(MiAaPQ)EBC3332803 035 $a(DE-B1597)657826 035 $a(DE-B1597)9780773592087 035 $a(EXLCZ)993710000000217753 100 $a20140820h20142014 uy 0 101 0 $aeng 135 $aur|n|---||||| 181 $ctxt 182 $cc 183 $acr 200 10$aConflicted commitments $erace, privilege, and power in transnational solidarity activism /$fGada Mahrouse 210 1$aMontre?al, Que?bec :$cMcGill-Queen's University Press,$d2014. 210 4$d©2014 215 $a1 online resource (245 p.) 300 $aDescription based upon print version of record. 311 $a0-7735-4363-5 320 $aIncludes bibliographical references and index. 327 $a""Cover""; ""Title""; ""Copyright""; ""Contents""; ""Acknowledgments""; ""Abbreviations""; ""Introduction: Passport or Carte Blanche? On Race, Privilege, and Power in Transnational Solidarity Activism""; ""1 Whiteness and the Divergent Responses to Rachel Corriea???s Death""; ""2 The CPT Kidnapping: Citizenship, Sexuality, and the Racialized a???Politics of Lifea???""; ""3 The Compelling Story of the First-World Activist in the War Zone""; ""4 Race-conscious Transnational Activists with Cameras: Mediators of Compassion"" 327 $a""5 Conflicted Commitments: The a???Fine Line Between Advocacy and Imperialisma???""""6 a???Split Affinitiesa???: Gender and Sexual Violence in Solidarity Movements""; ""7 Liberal Universalism and Pragmatism: Implications for Decolonizing Solidarity""; ""Afterword: Solidarity Tourism and the Depoliticization of Activism""; ""Notes""; ""Bibliography""; ""Index""; ""A""; ""B""; ""C""; ""D""; ""E""; ""F""; ""G""; ""H""; ""I""; ""J""; ""K""; ""L""; ""M""; ""N""; ""O""; ""P""; ""R""; ""S""; ""T""; ""U""; ""V""; ""W""; ""Y""; ""Z"" 330 $aConflicted Commitments analyzes a form of non-violent, direct transnational solidarity in which activists from the global North travel to support and protect people in the global South. Gada Mahrouse contends that this brand of activism is a compelling site of racialized power relations and is highly instructive for a nuanced understanding of systems of race. Mahrouse argues that the individuals who partake in this form of activism consciously deploy their white, western privilege to offer support and protection to those facing threats of violence. Moreover, given that this type of activism asserts itself as an exemplary form of anti-racist commitment, it illustrates that well-meaning practices can inadvertently reproduce racialized power structures that are embedded in imperial and colonial legacies. Mahrouse focuses on Palestine and Iraq in the post-9/11 era to contemplate the contemporary challenges that these regions pose for solidarity activism. By exploring how individual activists manage and negotiate their dominant positioning in these encounters, Mahrouse reflects more broadly on the ethics of social justice strategies in an increasingly transnational world. A detailed study of the racialized complexities and contradictions inherent in transnational solidarity activism, Conflicted Commitments makes a significant contribution to critical race and feminist studies. 606 $aSolidarity 606 $aHumanitarianism$xPolitical aspects 606 $aSocial justice$xPolitical aspects 606 $aRace$xSocial aspects 606 $aRace relations 606 $aPower (Social sciences) 615 0$aSolidarity. 615 0$aHumanitarianism$xPolitical aspects. 615 0$aSocial justice$xPolitical aspects. 615 0$aRace$xSocial aspects. 615 0$aRace relations. 615 0$aPower (Social sciences) 676 $a302/.14 686 $aMS 3300$2rvk 700 $aMahrouse$b Gada$01670570 801 0$bMiAaPQ 801 1$bMiAaPQ 801 2$bMiAaPQ 906 $aBOOK 912 $a9910809500803321 996 $aConflicted commitments$94032499 997 $aUNINA